| 000 | 01169njm a22003017a 4500 | ||
|---|---|---|---|
| 005 | 20100915110054.0 | ||
| 007 | sd ammalaaahaa | ||
| 008 | 100913t xxu||||| |||| 00| 0 hin d | ||
| 028 |
_aTAE 1064 _bODEON |
||
| 035 | _aGR-02673 | ||
| 040 | _aSED/VEN | ||
| 100 |
_aMangeskar, Lata _91184 |
||
| 245 |
_aGunga Jamna / _cBy Lata Mangeskar[and] Mohd Rafi ; Music by Naushad; lyrics by Shakeel Badayuni _h[sound recording] : |
||
| 246 | _aगंगा जमना / | ||
| 260 |
_aDum Dum India _bODEON |
||
| 300 |
_a1 sound disc [Gramophone record] : _banalog, 45 1/3 rpm _c7.5 in. (SP) _fGramophone Record |
||
| 500 | _aBrief Record | ||
| 500 | _aRecord label :ODEON, Black | ||
| 505 | _aSide 1 दो हंसो का जोड़ा ( Do hanso ka jaodaa ) Side 2 दगाबाज़ तोरी बतिया ( Dagaabaaz tori batiya ) | ||
| 600 |
_aMangeskar, Lata _919992 |
||
| 650 |
_aHindi geet _xExcerpts _zIndia _919603 |
||
| 700 |
_919604 _aShakeel Budayuni |
||
| 700 |
_919605 _aNaushad |
||
| 700 | _920152 | ||
| 700 | _920153 | ||
| 942 |
_2ddc _cGR |
||
| 999 |
_c46048 _d46048 |
||